Cities in Dakota County, Minnesota - Statistics

General Stats
  • This quiz has been taken 39 times
  • The average score is 14 of 22
Answer Stats
Hint Answer % Correct
68,642 Eagan
100%
72,812 Lakeville
100%
26,642 Rosemount
95%
55,638 Apple Valley
89%
23,534 Farmington
89%
21,925 Hastings
89%
63,943 Burnsville
84%
20,536 South St. Paul
84%
35,541 Inver Grove Heights
74%
183 Mendota
63%
20,822 West St. Paul
63%
11,665 Mendota Heights
58%
523 Sunfish Lake
53%
20,709 Northfield
47%
439 Vermillion
47%
142 Coates
42%
83 New Trier
42%
800 Lilydale
37%
134 Miesville
37%
736 Hampton
26%
2,444 Empire
16%
464 Randolph
16%
No matching quizzes found
Score Distribution
Percent of People with Each Score
Percentile by Number Answered
Your Score History
You have not taken this quiz